000 00536nam a2200145Ia 4500
008 170221s9999 xx 000 0 und d
100 _aNorman C. H. Wong
245 _aBinge Drinking and TMT: Evaluating Responses to Anti-Binge Drinking PSAs from a Terror Management Theory Perspective
245 _cNorman C. H. Wong, Stephanie Schartel Dunn
260 _bStudies in Media and Communication
260 _c2016
650 _xCommunication
650 _xMedia Arts
856 _uhttp://redfame.com/journal/index.php/smc/issue/view/7
999 _c309125
_d309125